| 000 | 00983cam a2200241 a 4500 | ||
|---|---|---|---|
| 003 | EG-GiCUC | ||
| 008 | 080810s1986 ua g 000 0 ara d | ||
| 040 |
_aEG-GiCUC _bara _cEG-GiCUC |
||
| 043 | _af-ua--- | ||
| 092 | 0 | 4 |
_a338.962 _bT165 _221 |
| 099 |
_a04 _a338.962 T165 |
||
| 245 | 0 | 2 |
_aالتنمية من اجل المستقبل : _bاستراتيجية التنمية الاقتصادية و الاجتماعية الابعاد الاهداف السياسات |
| 260 |
_aالقاهرة : _bالحزب الوطنى الديمقراطى : _c1986 |
||
| 300 |
_a257ص ؛ _c28سم |
||
| 651 | 7 |
_aمصر _xالاحوال الاجتماعية _2qrmak |
|
| 651 | 7 |
_aمصر _xالاحوال الاقتصادية _2qrmak |
|
| 651 | 7 |
_aمصر _xالتنمية الاقتصادية _2qrmak |
|
| 902 | _a1 | ||
| 905 |
_aجيهان _eمراجع |
||
| 905 |
_aرضا _eمدخل |
||
| 942 |
_2ddc _cBK |
||
| 999 |
_c101977 _d101977 |
||